ბათუმის შოთა რუსთაველის სახელმწიფო უნივერსიტეტის ბიბლიოთეკა

Gamiqaya : Гямигая / (ბიბ.ჩანაწერი № 37720)

000 -LEADER
fixed length control field 00511nam a2200205Ia 4500
001 - CONTROL NUMBER
control field 3695
003 - CONTROL NUMBER IDENTIFIER
control field GE_BSU
005 - DATE AND TIME OF LATEST TRANSACTION
control field 20221031105141.0
008 - FIXED-LENGTH DATA ELEMENTS--GENERAL INFORMATION
fixed length control field 181216s2005az xx |||||||||||||| ||aze||
040 ## - CATALOGING SOURCE
Transcribing agency GE_BSU
041 ## - LANGUAGE CODE
Language code of text/sound track or separate title aze
080 ## - UNIVERSAL DECIMAL CLASSIFICATION NUMBER
Universal Decimal Classification number 91(479.24)+55(479.24)A-30
100 ## - MAIN ENTRY--PERSONAL NAME
Personal name Aliyev,Vali
9 (RLIN) 15663
245 ## - TITLE STATEMENT
Title Gamiqaya : Гямигая /
Statement of responsibility, etc. Vali Aliyev.
264 ## - PRODUCTION, PUBLICATION, DISTRIBUTION, MANUFACTURE, AND COPYRIGHT NOTICE
Place of production, publication, distribution, manufacture Baki,
Date of production, publication, distribution, manufacture, or copyright notice 2005.
300 ## - PHYSICAL DESCRIPTION
Extent 147 с. :
Other physical details 30 см.
653 ## - INDEX TERM--UNCONTROLLED
keyword Gamiqaya.
653 ## - INDEX TERM--UNCONTROLLED
keyword გეოგრაფია
942 ## - ADDED ENTRY ELEMENTS (KOHA)
Koha item type წიგნი
Source of classification or shelving scheme
ეგზემპლარები
Withdrawn status Lost status Source of classification or shelving scheme Damaged status Not for loan Permanent Location Current Location Shelving location Date acquired Full call number Barcode Date last seen Copy number Price effective from Koha item type
          ბათუმის შოთა რუსთაველის სახელმწიფო უნივერსიტეტის მთავარი ბიბლიოთეკა ბათუმის შოთა რუსთაველის სახელმწიფო უნივერსიტეტის მთავარი ბიბლიოთეკა წიგნსაცავი 2018-12-17 91(479.24)+55(479.24)A-30 5301 2018-12-17 5301 2018-12-17 წიგნი